| 000 | 00403nam a2200145Ia 4500 | ||
|---|---|---|---|
| 008 | 220214s9999 xx 000 0 und d | ||
| 100 | _aTunney James | ||
| 245 | 0 | _aAluminosilicate nanocomposite materials.Poly(ethylene glycol)-kaolinite intercalates | |
| 260 |
_bChem.Mater _c1996 |
||
| 300 | _a927-935 | ||
| 650 | _aIntercates | ||
| 650 | _aKaolinite | ||
| 700 | _aDetellier Christian | ||
| 942 | _cRE | ||
| 999 |
_c45549 _d45549 |
||